The development and Management of Visitor Attractions (Record no. 2254)

MARC details
000 -LEADER
fixed length control field 00442nam a22001697a 4500
005 - DATE AND TIME OF LATEST TRANSACTION
control field 20160531144346.0
008 - FIXED-LENGTH DATA ELEMENTS--GENERAL INFORMATION
fixed length control field 160531b xxu||||| |||| 00| 0 eng d
020 ## - INTERNATIONAL STANDARD BOOK NUMBER
ISBN 0-7506-5169-5
041 ## - LANGUAGE CODE
Language code of text/sound track or separate title eng
082 ## - DEWEY DECIMAL CLASSIFICATION NUMBER
Item number 6404
100 ## - MAIN ENTRY--AUTHOR NAME
Personal name Swarbrooke, John
245 ## - TITLE STATEMENT
Title The development and Management of Visitor Attractions
260 ## - PUBLICATION, DISTRIBUTION, ETC. (IMPRINT)
Name of publisher Butter worth Heinemen Reblication
Year of publication 2003
300 ## - PHYSICAL DESCRIPTION
Number of Pages 393
650 ## - SUBJECT ADDED ENTRY--TOPICAL TERM
Topical Term Management
942 ## - ADDED ENTRY ELEMENTS (KOHA)
Koha item type Books
Holdings
Lost status Damaged status Collection code Home library Current library Shelving location Date acquired Cost, normal purchase price Full call number Accession Number Koha item type
    MANAGEMENT JRU Library JRU Library SHELF-71-G 31/05/2016 995.00 338.479 6404 Books